Sedacia relaxačná jednotka

Na minha lista:
Detalhes bibliográficos
Autor principal: Michalovičová, Jana, 1988- (Author)
Outros Autores: Lehocký, Peter, 1944- (Thesis advisor)
Formato: Manuscrito Livro
Idioma:eslovaco
Publicado em: Bratislava : STU v Bratislave FA, 2012
Assuntos:
Acesso em linha:VAIS
Tags: Adicionar Tag
Sem tags, seja o primeiro a adicionar uma tag!

MARC

LEADER 00000ntm a22000003a 4500
001 stu248466
005 20210418163628.6
008 120614s2012----xo------------------slo-d
040 |a STU  |b slo 
041 0 |a slo 
044 |a xo 
100 1 |a Michalovičová, Jana,  |d 1988-  |4 aut  |u A  |T FAD Fakulta architektúry  |X 50528  |U A  |Y 50  |7 A000050528 
242 0 0 |a relaxing seating unit  |y eng 
245 1 |a Sedacia relaxačná jednotka 
260 |a Bratislava :  |b STU v Bratislave FA,  |c 2012 
650 7 |a dizajn výrobkov  |2 stusub 
650 7 |a Product Design  |2 estusub 
700 1 |a Lehocký, Peter,  |d 1944-  |4 ths  |u A9190  |U FAD Fakulta architektúry  |U FAD Fakulta architektúry  |T FA Ústav dizajnu  |X 441  |U A9190  |Y 400  |7 A000000441 
856 4 |a info a plný text  |u http://is.stuba.sk/zp/portal_zp.pl?podrobnosti=60369  |u https://opac.crzp.sk/?fn=detailBiblioForm&sid=C6FD5543337B5DC0BE24CBFFC1A6  |3 VAIS